000 00905nam a2200241 i 4500
001 43224
003 ES-MaACL
005 20250828023458.0
007 t|
008 030317s1945 sp ||||1| spa d
080 _a172.2
080 _a381(46)"04/14"
100 1 _aCastro Calvo, José María.
_936910
245 1 3 _aEl arte de gobernar en las obras de Don Juan Manuel /
_cJosé María Castro Calvo.
260 _aBarcelona :
_b[s.n.,
_c1945] (
_fImp. Casa Provincial de Caridad)
300 _a426 p. ;
_c25 cm.
594 _aPrecede al tít.: Consejo Superior de Investigaciones Científicas, Delegación de Barcelona, Instituto Antonio de Nebrija
600 0 4 _aJuan Manuel, Don (
_d1282-1348)-
_xCrítica e interpretación.
_9174237
650 7 _aEducación de príncipes
_2embne
_912100
710 2 _aInstituto Antonio de Nebrija.
_94795
852 4 _aES-MaACL
_jB-10199
999 _c43224
_d43224